000 00757nam a2200217Ia 4500
003 0
005 20250114113607.0
008 161205s9999 xx 000 0 und d
050 _aPHS BF 311
_b.T693 2015
100 _aTorres, Julianna Elise M.
245 _aPluralistic ignorance and one's ability to act
_cJulianna Elise M. Torres
260 _aLas PiƱas, Philippines :
_bSouthville International School and Colleges,
_c2015.
300 _a34 p. :
_bill. ;
_c28 cm.
504 _aIncludes bibliographical references.
650 _aPluralistic ignorance.
650 _aDecision making
_vPsychological aspects.
650 _aSocial perception.
650 _aSocial influence.
650 _aGroup behavior
_vPsychological aspects.
942 _cPASS
_2lcc
999 _c305302
_d305302